00613nam a22002057a 450000500170000001000110001702000210002803500110004903700160006004000120007608200130008810000260010124501070012726000360023427000420027030000200031250000190033265000380035165000180038920170124105946.0 a794116 a009104151c00.00 a794116 bCen Lib/Ret aDPLbEN a218bKNI aKnight, W. F. Jackson aElysion :bon ancient Greek and roman beliefs concerning a life after death /cby W. F. Jackson Knight aLondonbRider and companyc1970 a178-202,Great Portland StreetbLondon a208p.c19cm(Hb) aIncludes index aFuture life--History of doctrines aRome (Empire)